[Event "ODJM B 2025"]
[Site "Willingen GER"]
[Date "2025.06.09"]
[Round "3"]
[White "Schmidt, Marieke"]
[Black "Othman, Beesan"]
[Result "0-1"]
[Termination "normal"]
[Board "58"]
[WhiteElo "1726"]
[BlackElo "1732"]
[WhiteClock "00:38:10"]
[BlackClock "00:24:43"]
[PlyCount "86"]
[WhiteFideId "533007497"]
[BlackFideId "34640738"]
[EventCountry "GER"]
[EventRounds "9"]
[EventType "swiss"]
[EventDate "2025.06.07"]

1. e4 {[%clk 01:30:59]} c5 {[%clk 01:30:55]} {[%emt 00:00:06]} 2. Nf3 {[%clk
01:31:24]} {[%emt 00:00:04]} e6 {[%clk 01:31:20]} {[%emt 00:00:04]} 3. d4
{[%clk 01:29:18]} {[%emt 00:02:36]} cxd4 {[%clk 01:31:44]} {[%emt 00:00:07]} 4.
Nxd4 {[%clk 01:29:45]} {[%emt 00:00:03]} Nf6 {[%clk 01:32:05]} {[%emt
00:00:08]} 5. Nc3 {[%clk 01:30:10]} {[%emt 00:00:06]} d6 {[%clk 01:32:30]}
{[%emt 00:00:04]} 6. g3 {[%clk 01:27:45]} {[%emt 00:02:55]} Nc6 {[%clk
01:31:45]} {[%emt 00:01:16]} 7. Bg2 {[%clk 01:26:28]} {[%emt 00:01:47]} Bd7
{[%clk 01:26:31]} {[%emt 00:05:44]} 8. O-O {[%clk 01:22:42]} {[%emt 00:04:15]}
Be7 {[%clk 01:26:05]} {[%emt 00:00:56]} 9. Re1 {[%clk 01:19:47]} {[%emt
00:03:26]} a6 {[%clk 01:22:10]} {[%emt 00:04:25]} 10. Nce2 {[%clk 01:10:25]}
{[%emt 00:09:52]} O-O {[%clk 01:17:56]} {[%emt 00:04:43]} 11. Nxc6 {[%clk
01:09:54]} {[%emt 00:01:01]} bxc6 {[%clk 01:10:01]} {[%emt 00:08:25]} 12. Nd4
{[%clk 01:03:58]} {[%emt 00:06:26]} e5 {[%clk 00:50:26]} {[%emt 00:20:06]} 13.
Nf5 {[%clk 01:01:28]} {[%emt 00:03:00]} Bxf5 {[%clk 00:50:50]} {[%emt
00:00:05]} 14. exf5 {[%clk 01:01:49]} {[%emt 00:00:09]} Qc7 {[%clk 00:48:49]}
{[%emt 00:02:31]} 15. Qd3 {[%clk 00:59:58]} {[%emt 00:02:20]} d5 {[%clk
00:40:30]} {[%emt 00:08:50]} 16. Qc3 {[%clk 00:55:13]} {[%emt 00:05:14]} Bd6
{[%clk 00:39:21]} {[%emt 00:01:39]} 17. Bg5 {[%clk 00:54:51]} {[%emt 00:00:52]}
Nd7 {[%clk 00:39:10]} {[%emt 00:00:42]} 18. Rad1 {[%clk 00:50:24]} {[%emt
00:04:58]} Rab8 {[%clk 00:35:18]} {[%emt 00:04:21]} 19. a3 {[%clk 00:49:58]}
{[%emt 00:00:56]} a5 {[%clk 00:30:38]} {[%emt 00:05:11]} 20. Rb1 {[%clk
00:40:01]} {[%emt 00:10:26]} Rb7 {[%clk 00:19:47]} {[%emt 00:11:21]} 21. Qf3
{[%clk 00:36:51]} {[%emt 00:03:39]} f6 {[%clk 00:16:55]} {[%emt 00:03:22]} 22.
Bd2 {[%clk 00:36:08]} {[%emt 00:01:14]} Rfb8 {[%clk 00:16:24]} {[%emt
00:01:01]} 23. Qg4 {[%clk 00:28:17]} {[%emt 00:08:21]} Rxb2 {[%clk 00:12:55]}
{[%emt 00:03:59]} 24. Rxb2 {[%clk 00:24:25]} {[%emt 00:04:22]} Rxb2 {[%emt
00:00:09]} 25. Bh6 {[%clk 00:24:38]} {[%emt 00:00:09]} Bf8 {[%clk 00:12:58]}
{[%emt 00:00:56]} 26. c3 {[%clk 00:19:27]} {[%emt 00:05:42]} Qb6 {[%clk
00:10:05]} {[%emt 00:03:22]} 27. Be3 {[%clk 00:19:30]} {[%emt 00:00:26]} Qb3
{[%clk 00:09:07]} {[%emt 00:01:28]} 28. a4 {[%clk 00:18:10]} {[%emt 00:01:51]}
Qxc3 {[%clk 00:06:42]} {[%emt 00:02:55]} 29. Rc1 {[%clk 00:17:47]} {[%emt
00:00:53]} Rc2 {[%clk 00:06:07]} {[%emt 00:01:05]} 30. Rb1 {[%clk 00:14:05]}
{[%emt 00:04:12]} e4 {[%clk 00:04:18]} {[%emt 00:02:19]} 31. Bf4 {[%clk
00:11:39]} {[%emt 00:02:56]} Ne5 {[%clk 00:04:09]} {[%emt 00:00:39]} 32. Bxe5
{[%clk 00:11:53]} {[%emt 00:00:15]} Qxe5 {[%clk 00:04:37]} {[%emt 00:00:02]}
33. h4 {[%clk 00:12:06]} {[%emt 00:00:18]} Rc4 {[%clk 00:03:42]} {[%emt
00:01:25]} 34. Rb7 {[%clk 00:12:10]} {[%emt 00:00:26]} Qe8 {[%clk 00:02:43]}
{[%emt 00:01:28]} 35. h5 {[%emt 00:00:48]} e3 {[%clk 00:02:52]} {[%emt
00:00:19]} 36. f4 {[%clk 00:12:18]} {[%emt 00:00:06]} h6 {[%clk 00:00:36]}
{[%emt 00:02:46]} 37. Bf3 {[%clk 00:09:33]} {[%emt 00:03:16]} Rc1+ {[%clk
00:00:46]} {[%emt 00:00:20]} 38. Kg2 {[%clk 00:09:38]} {[%emt 00:00:25]} Rc2+
{[%clk 00:00:37]} {[%emt 00:00:38]} 39. Kf1 {[%clk 00:09:44]} {[%emt 00:00:24]}
Qa8 {[%clk 00:00:35]} {[%emt 00:00:33]} 40. Rd7 {[%clk 00:08:07]} {[%emt
00:02:05]} Rf2+ {[%clk 00:00:35]} {[%emt 00:00:32]} 41. Ke1 {[%clk 00:08:14]}
{[%emt 00:00:23]} Qb8 {[%clk 00:24:54]} {[%emt 00:06:10]} 42. Qg6 {[%clk
00:37:46]} {[%emt 00:00:58]} Qb1+ {[%clk 00:25:01]} {[%emt 00:00:23]} 43. Bd1
{[%clk 00:38:10]} {[%emt 00:00:06]} Bb4# {[%clk 00:24:43]} {[%emt 00:00:17]}
0-1

[Event "ODJM B 2025"]
[Site "Willingen GER"]
[Date "2025.06.09"]
[Round "3"]
[White "Huth, Fabienne"]
[Black "Hesse, Frederik"]
[Result "0-1"]
[Termination "normal"]
[Board "60"]
[WhiteElo "1402"]
[BlackElo "1663"]
[WhiteClock "00:13:59"]
[BlackClock "01:27:45"]
[PlyCount "88"]
[WhiteFideId "34660739"]
[BlackFideId "34600094"]
[EventCountry "GER"]
[EventRounds "9"]
[EventType "swiss"]
[EventDate "2025.06.07"]

1. e4 {[%clk 01:30:58]} {[%emt 00:00:02]} c6 {[%clk 01:30:51]} {[%emt
00:00:10]} 2. d4 {[%clk 01:31:05]} {[%emt 00:00:22]} d5 {[%clk 01:31:16]}
{[%emt 00:00:06]} 3. e5 {[%clk 01:30:54]} {[%emt 00:00:42]} c5 {[%clk
01:31:19]} {[%emt 00:00:26]} 4. c3 {[%clk 01:30:10]} {[%emt 00:01:13]} Nc6
{[%clk 01:31:37]} {[%emt 00:00:12]} 5. Nf3 {[%clk 01:29:42]} {[%emt 00:00:57]}
Bg4 {[%clk 01:31:53]} {[%emt 00:00:15]} 6. Be2 {[%clk 01:28:37]} {[%emt
00:01:36]} e6 {[%clk 01:31:30]} {[%emt 00:00:53]} 7. h3 {[%clk 01:26:37]}
{[%emt 00:02:30]} Bh5 {[%clk 01:31:35]} {[%emt 00:00:25]} 8. O-O {[%clk
01:23:25]} {[%emt 00:03:42]} Qb6 {[%clk 01:31:36]} {[%emt 00:00:29]} 9. g4
{[%clk 01:18:40]} {[%emt 00:05:15]} Bg6 {[%clk 01:31:01]} {[%emt 00:01:05]} 10.
a3 {[%clk 01:14:16]} {[%emt 00:04:54]} c4 {[%clk 01:30:49]} {[%emt 00:00:42]}
11. Nh4 {[%clk 01:10:10]} {[%emt 00:04:36]} Be7 {[%clk 01:30:48]} {[%emt
00:00:30]} 12. Nxg6 {[%clk 01:09:29]} {[%emt 00:01:11]} hxg6 {[%clk 01:31:10]}
{[%emt 00:00:08]} 13. Kg2 {[%clk 01:06:52]} {[%emt 00:03:08]} O-O-O {[%clk
01:30:18]} {[%emt 00:01:22]} 14. Nd2 {[%clk 01:04:11]} {[%emt 00:03:10]} Na5
{[%clk 01:29:29]} {[%emt 00:01:20]} 15. Rb1 {[%clk 01:02:01]} {[%emt 00:02:39]}
Bg5 {[%clk 01:29:27]} {[%emt 00:00:32]} 16. f4 {[%clk 00:59:41]} {[%emt
00:02:51]} Bh4 {[%clk 01:28:58]} {[%emt 00:00:59]} 17. b3 {[%clk 00:57:14]}
{[%emt 00:02:58]} cxb3 {[%clk 01:24:39]} {[%emt 00:04:48]} 18. Nxb3 {[%clk
00:55:54]} {[%emt 00:01:50]} Nc4 {[%clk 01:23:24]} {[%emt 00:01:45]} 19. Qc2
{[%clk 00:46:46]} {[%emt 00:09:38]} Be7 {[%clk 01:21:51]} {[%emt 00:02:03]} 20.
Nc5 {[%clk 00:43:12]} {[%emt 00:04:04]} Qc6 {[%clk 01:21:55]} {[%emt 00:00:25]}
21. Bxc4 {[%clk 00:39:27]} {[%emt 00:04:14]} dxc4+ {[%clk 01:22:13]} {[%emt
00:00:13]} 22. Qe4 {[%clk 00:36:48]} {[%emt 00:03:09]} Bxc5 {[%clk 01:22:16]}
{[%emt 00:00:27]} 23. Qxc6+ {[%clk 00:36:36]} {[%emt 00:00:43]} bxc6 {[%clk
01:22:37]} {[%emt 00:00:09]} 24. dxc5 {[%clk 00:36:00]} {[%emt 00:01:06]} Rd3
{[%clk 01:22:54]} {[%emt 00:00:12]} 25. Rh1 {[%clk 00:31:05]} {[%emt 00:05:25]}
Rxc3 {[%clk 01:23:09]} {[%emt 00:00:15]} 26. Rb4 {[%clk 00:28:13]} {[%emt
00:03:18]} Ne7 {[%clk 01:23:00]} {[%emt 00:00:43]} 27. Ra4 {[%clk 00:25:07]}
{[%emt 00:03:37]} Kb7 {[%clk 01:22:22]} {[%emt 00:01:08]} 28. Rb4+ {[%clk
00:23:03]} {[%emt 00:02:33]} Ka8 {[%clk 01:22:31]} {[%emt 00:00:22]} 29. Bb2
{[%clk 00:20:49]} {[%emt 00:02:44]} Rc2+ {[%clk 01:22:38]} {[%emt 00:00:22]}
30. Kg3 {[%clk 00:20:46]} {[%emt 00:00:33]} Nd5 {[%clk 01:23:01]} {[%emt
00:00:08]} 31. Rh2 {[%clk 00:17:36]} {[%emt 00:03:40]} Rxh2 {[%clk 01:23:06]}
{[%emt 00:00:25]} 32. Kxh2 {[%clk 00:17:52]} {[%emt 00:00:12]} Nxb4 {[%clk
01:23:30]} {[%emt 00:00:08]} 33. axb4 {[%clk 00:18:10]} {[%emt 00:00:11]} Kb7
{[%clk 01:23:47]} {[%emt 00:00:14]} 34. Kg3 {[%clk 00:14:10]} {[%emt 00:04:30]}
Ka6 {[%clk 01:24:07]} {[%emt 00:00:10]} 35. Bc3 {[%clk 00:14:16]} {[%emt
00:00:23]} Kb5 {[%clk 01:24:28]} {[%emt 00:00:10]} 36. h4 {[%clk 00:13:43]}
{[%emt 00:01:03]} Rd8 {[%clk 01:24:42]} {[%emt 00:00:15]} 37. Be1 {[%clk
00:13:37]} {[%emt 00:00:36]} c3 {[%clk 01:25:01]} {[%emt 00:00:11]} 38. Bxc3
{[%clk 00:13:27]} {[%emt 00:00:40]} Rd3+ {[%clk 01:25:25]} {[%emt 00:00:06]}
39. Kf2 {[%clk 00:13:44]} {[%emt 00:00:12]} Rxc3 {[%clk 01:25:51]} {[%emt
00:00:05]} 40. h5 {[%clk 00:13:28]} {[%emt 00:00:46]} gxh5 {[%clk 01:26:16]}
{[%emt 00:00:05]} 41. gxh5 {[%clk 00:13:54]} {[%emt 00:00:05]} Kxb4 {[%clk
01:26:37]} {[%emt 00:00:08]} 42. Ke2 {[%clk 00:13:57]} {[%emt 00:00:27]} Kc4
{[%clk 01:26:59]} {[%emt 00:00:08]} 43. Kd2 {[%clk 00:14:13]} {[%emt 00:00:13]}
Ra3 {[%clk 01:27:20]} {[%emt 00:00:10]} 44. f5 {[%clk 00:13:59]} {[%emt
00:00:44]} exf5 {[%clk 01:27:45]} {[%emt 00:00:06]} 0-1

[Event "ODJM B 2025"]
[Site "Willingen GER"]
[Date "2025.06.09"]
[Round "3"]
[White "Kühne, Malin"]
[Black "Subocz, Barbara"]
[Result "1/2-1/2"]
[Termination "normal"]
[Board "61"]
[WhiteElo "1536"]
[BlackElo "1559"]
[WhiteClock "00:07:15"]
[BlackClock "00:21:11"]
[PlyCount "72"]
[WhiteFideId "34619747"]
[BlackFideId "41805658"]
[EventCountry "GER"]
[EventRounds "9"]
[EventType "swiss"]
[EventDate "2025.06.07"]

1. d4 {[%clk 01:30:58]} {[%emt 00:00:02]} d5 {[%clk 01:30:52]} {[%emt
00:00:08]} 2. c4 {[%clk 01:31:21]} {[%emt 00:00:06]} e6 {[%clk 01:31:18]}
{[%emt 00:00:05]} 3. Nc3 {[%clk 01:31:46]} {[%emt 00:00:05]} Nf6 {[%clk
01:31:00]} {[%emt 00:00:48]} 4. Bg5 {[%clk 01:32:06]} {[%emt 00:00:09]} Be7
{[%clk 01:30:26]} {[%emt 00:01:05]} 5. e3 {[%clk 01:32:16]} {[%emt 00:00:21]}
h6 {[%clk 01:30:04]} {[%emt 00:00:52]} 6. Bh4 {[%clk 01:30:50]} {[%emt
00:01:56]} O-O {[%clk 01:29:41]} {[%emt 00:00:53]} 7. Nf3 {[%clk 01:30:10]}
{[%emt 00:01:10]} b6 {[%clk 01:26:42]} {[%emt 00:03:29]} 8. cxd5 {[%clk
01:28:39]} {[%emt 00:02:00]} exd5 {[%clk 01:20:56]} {[%emt 00:06:16]} 9. Be2
{[%clk 01:24:27]} {[%emt 00:04:42]} Bb7 {[%clk 01:19:38]} {[%emt 00:01:49]} 10.
O-O {[%clk 01:21:47]} {[%emt 00:03:09]} Nbd7 {[%clk 01:16:47]} {[%emt
00:03:21]} 11. Rc1 {[%clk 01:16:43]} {[%emt 00:05:33]} c5 {[%clk 01:11:30]}
{[%emt 00:05:48]} 12. dxc5 {[%clk 01:02:49]} {[%emt 00:14:24]} bxc5 {[%clk
01:08:28]} {[%emt 00:03:33]} 13. Qc2 {[%clk 00:50:06]} {[%emt 00:13:12]} Rc8
{[%clk 00:52:45]} {[%emt 00:16:12]} 14. Rfd1 {[%clk 00:46:37]} {[%emt
00:03:59]} Nb6 {[%clk 00:46:34]} {[%emt 00:06:42]} 15. Qb1 {[%clk 00:33:53]}
{[%emt 00:13:13]} a6 {[%clk 00:40:18]} {[%emt 00:06:47]} 16. Ne5 {[%clk
00:31:04]} {[%emt 00:03:14]} Bd6 {[%clk 00:36:56]} {[%emt 00:03:55]} 17. Bg3
{[%clk 00:29:52]} {[%emt 00:01:42]} Bxe5 {[%clk 00:33:53]} {[%emt 00:03:33]}
18. Bxe5 {[%clk 00:30:13]} {[%emt 00:00:10]} Qe7 {[%clk 00:33:37]} {[%emt
00:00:46]} 19. Bxf6 {[%clk 00:28:25]} {[%emt 00:02:19]} Qxf6 {[%clk 00:33:18]}
{[%emt 00:00:48]} 20. Bf3 {[%clk 00:28:22]} {[%emt 00:00:32]} Rfd8 {[%clk
00:32:42]} {[%emt 00:01:06]} 21. b3 {[%clk 00:26:54]} {[%emt 00:01:59]} Bc6
{[%clk 00:31:28]} {[%emt 00:01:43]} 22. Ne2 {[%clk 00:25:46]} {[%emt 00:01:36]}
Bb5 {[%clk 00:30:18]} {[%emt 00:01:42]} 23. Nf4 {[%clk 00:23:15]} {[%emt
00:03:00]} Qg5 {[%clk 00:29:08]} {[%emt 00:01:40]} 24. Rd2 {[%clk 00:22:50]}
{[%emt 00:00:57]} Rd7 {[%clk 00:28:43]} {[%emt 00:00:54]} 25. Rcd1 {[%clk
00:22:31]} {[%emt 00:00:49]} Rcd8 {[%clk 00:26:16]} {[%emt 00:02:56]} 26. Ne2
{[%clk 00:19:44]} {[%emt 00:03:17]} Rd6 {[%clk 00:25:16]} {[%emt 00:01:31]} 27.
Qb2 {[%clk 00:19:23]} {[%emt 00:00:50]} a5 {[%clk 00:24:55]} {[%emt 00:00:51]}
28. Qc3 {[%clk 00:18:51]} {[%emt 00:01:01]} Bxe2 {[%clk 00:24:11]} {[%emt
00:01:16]} 29. Bxe2 {[%clk 00:18:35]} {[%emt 00:00:46]} Rg6 {[%clk 00:22:41]}
{[%emt 00:02:01]} 30. g3 {[%clk 00:16:33]} {[%emt 00:02:32]} h5 {[%clk
00:22:09]} {[%emt 00:01:02]} 31. h4 {[%clk 00:16:19]} {[%emt 00:00:43]} Qxh4
{[%clk 00:22:16]} {[%emt 00:00:23]} 32. Qxc5 {[%clk 00:15:10]} {[%emt
00:01:39]} Rxg3+ {[%clk 00:20:55]} {[%emt 00:01:52]} 33. fxg3 {[%clk 00:15:17]}
{[%emt 00:00:23]} Qxg3+ {[%clk 00:21:13]} {[%emt 00:00:12]} 34. Kf1 {[%clk
00:09:01]} {[%emt 00:06:45]} Qh3+ {[%clk 00:20:34]} {[%emt 00:01:10]} 35. Kg1
{[%clk 00:08:07]} {[%emt 00:01:11]} Qg3+ {[%clk 00:20:51]} {[%emt 00:00:26]}
36. Kf1 {[%clk 00:07:15]} {[%emt 00:01:20]} Qh3+ {[%clk 00:21:11]} {[%emt
00:00:12]} 1/2-1/2

[Event "ODJM B 2025"]
[Site "Willingen GER"]
[Date "2025.06.09"]
[Round "3"]
[White "Geib, Niklas"]
[Black "Asmussen, Johann"]
[Result "1-0"]
[Termination "normal"]
[Board "62"]
[WhiteElo "1581"]
[BlackElo "1563"]
[WhiteClock "01:17:13"]
[BlackClock "01:15:52"]
[PlyCount "113"]
[WhiteFideId "34682236"]
[BlackFideId "16273486"]
[EventCountry "GER"]
[EventRounds "9"]
[EventType "swiss"]
[EventDate "2025.06.07"]

1. d4 {[%clk 01:30:58]} {[%emt 00:00:02]} d5 {[%clk 01:30:56]} {[%emt
00:00:05]} 2. Nf3 {[%clk 01:31:23]} {[%emt 00:00:05]} Bf5 {[%clk 01:31:14]}
{[%emt 00:00:11]} 3. Bf4 {[%clk 01:31:48]} {[%emt 00:00:06]} Nf6 {[%clk
01:31:32]} {[%emt 00:00:11]} 4. e3 {[%clk 01:32:13]} {[%emt 00:00:06]} e6
{[%clk 01:31:51]} {[%emt 00:00:11]} 5. c4 {[%clk 01:32:39]} {[%emt 00:00:04]}
c5 {[%clk 01:31:22]} {[%emt 00:00:58]} 6. Nc3 {[%clk 01:32:37]} {[%emt
00:00:32]} cxd4 {[%clk 01:31:45]} {[%emt 00:00:08]} 7. Nxd4 {[%clk 01:31:06]}
{[%emt 00:02:01]} Na6 {[%clk 01:18:06]} {[%emt 00:14:09]} 8. Nxf5 {[%clk
01:30:48]} {[%emt 00:00:48]} exf5 {[%clk 01:18:25]} {[%emt 00:00:10]} 9. cxd5
{[%clk 01:29:46]} {[%emt 00:01:32]} Bd6 {[%clk 01:14:49]} {[%emt 00:04:06]} 10.
Bb5+ {[%clk 01:25:09]} {[%emt 00:05:08]} Kf8 {[%clk 01:15:03]} {[%emt
00:00:15]} 11. Bxd6+ {[%clk 01:24:39]} {[%emt 00:01:00]} Qxd6 {[%clk 01:15:21]}
{[%emt 00:00:11]} 12. Bxa6 {[%clk 01:20:28]} {[%emt 00:04:43]} Qxa6 {[%clk
01:15:20]} {[%emt 00:00:31]} 13. Qe2 {[%clk 01:13:16]} {[%emt 00:07:41]} Qb6
{[%clk 01:11:49]} {[%emt 00:03:48]} 14. Rd1 {[%clk 01:12:21]} {[%emt 00:01:39]}
Rd8 {[%clk 01:11:58]} {[%emt 00:00:21]} 15. Qb5 {[%clk 01:12:10]} {[%emt
00:00:41]} Qxb5 {[%clk 01:11:48]} {[%emt 00:00:40]} 16. Nxb5 {[%clk 01:12:30]}
{[%emt 00:00:10]} Rxd5 {[%clk 01:11:52]} {[%emt 00:00:26]} 17. Rxd5 {[%clk
01:12:48]} {[%emt 00:00:12]} Nxd5 {[%clk 01:12:16]} {[%emt 00:00:06]} 18. Nxa7
{[%clk 01:13:06]} {[%emt 00:00:12]} Ke7 {[%clk 01:12:34]} {[%emt 00:00:12]} 19.
Nb5 {[%clk 01:13:21]} {[%emt 00:00:15]} Ra8 {[%clk 01:12:02]} {[%emt 00:01:01]}
20. a3 {[%clk 01:13:44]} {[%emt 00:00:08]} Rc8 {[%clk 01:12:26]} {[%emt
00:00:05]} 21. Kd2 {[%clk 01:13:34]} {[%emt 00:00:40]} Nb6 {[%clk 01:10:45]}
{[%emt 00:02:10]} 22. b3 {[%clk 01:12:21]} {[%emt 00:01:45]} Kf6 {[%clk
01:09:25]} {[%emt 00:01:50]} 23. Nd4 {[%clk 01:11:21]} {[%emt 00:01:29]} Nd5
{[%clk 01:08:06]} {[%emt 00:01:49]} 24. Rc1 {[%clk 01:10:51]} {[%emt 00:01:00]}
Rxc1 {[%clk 01:08:04]} {[%emt 00:00:32]} 25. Kxc1 {[%clk 01:11:16]} {[%emt
00:00:05]} Ke7 {[%clk 01:05:57]} {[%emt 00:02:37]} 26. Nxf5+ {[%clk 01:10:48]}
{[%emt 00:00:59]} Kf6 {[%clk 01:06:16]} {[%emt 00:00:11]} 27. Nd6 {[%clk
01:09:28]} {[%emt 00:01:49]} b6 {[%clk 01:06:37]} {[%emt 00:00:09]} 28. Nc4
{[%clk 01:09:15]} {[%emt 00:00:44]} Kf5 {[%clk 01:06:53]} {[%emt 00:00:13]} 29.
Kd2 {[%clk 01:09:24]} {[%emt 00:00:21]} f6 {[%clk 01:06:54]} {[%emt 00:00:30]}
30. f3 {[%clk 01:09:43]} {[%emt 00:00:11]} Ke6 {[%clk 01:07:05]} {[%emt
00:00:18]} 31. e4 {[%clk 01:09:04]} {[%emt 00:01:10]} b5 {[%clk 01:07:02]}
{[%emt 00:00:32]} 32. exd5+ {[%clk 01:08:23]} {[%emt 00:01:11]} Kxd5 {[%clk
01:07:26]} {[%emt 00:00:06]} 33. Ne3+ {[%clk 01:08:40]} {[%emt 00:00:13]} Kc5
{[%clk 01:07:41]} {[%emt 00:00:15]} 34. Kc3 {[%clk 01:08:58]} {[%emt 00:00:11]}
g6 {[%clk 01:08:04]} {[%emt 00:00:08]} 35. b4+ {[%clk 01:09:13]} {[%emt
00:00:16]} Kd6 {[%clk 01:08:18]} {[%emt 00:00:15]} 36. Kd4 {[%clk 01:09:38]}
{[%emt 00:00:05]} h5 {[%clk 01:08:40]} {[%emt 00:00:09]} 37. h4 {[%clk
01:09:54]} {[%emt 00:00:14]} g5 {[%clk 01:08:14]} {[%emt 00:00:56]} 38. Nf5+
{[%clk 01:10:09]} {[%emt 00:00:15]} Kc6 {[%clk 01:08:38]} {[%emt 00:00:07]} 39.
hxg5 {[%clk 01:10:28]} {[%emt 00:00:11]} fxg5 {[%clk 01:09:01]} {[%emt
00:00:06]} 40. Ng7 {[%clk 01:10:55]} {[%emt 00:00:04]} g4 {[%clk 01:09:16]}
{[%emt 00:00:15]} 41. Nxh5 {[%clk 01:11:19]} {[%emt 00:00:06]} gxf3 {[%clk
01:09:39]} {[%emt 00:00:06]} 42. gxf3 {[%clk 01:11:42]} {[%emt 00:00:07]} Kd6
{[%clk 01:10:03]} {[%emt 00:00:06]} 43. f4 {[%clk 01:12:08]} {[%emt 00:00:04]}
Ke6 {[%clk 01:10:24]} {[%emt 00:00:09]} 44. Kc5 {[%clk 01:12:30]} {[%emt
00:00:07]} Kf5 {[%clk 01:10:50]} {[%emt 00:00:04]} 45. Kxb5 {[%clk 01:12:53]}
{[%emt 00:00:07]} Kg4 {[%clk 01:11:14]} {[%emt 00:00:07]} 46. a4 {[%clk
01:13:07]} {[%emt 00:00:16]} Kxh5 {[%clk 01:11:38]} {[%emt 00:00:06]} 47. a5
{[%clk 01:13:32]} {[%emt 00:00:05]} Kg4 {[%clk 01:12:05]} {[%emt 00:00:03]} 48.
a6 {[%clk 01:13:58]} {[%emt 00:00:04]} Kxf4 {[%clk 01:12:30]} {[%emt 00:00:04]}
49. a7 {[%clk 01:14:24]} {[%emt 00:00:04]} Ke4 {[%clk 01:12:57]} {[%emt
00:00:04]} 50. a8=Q+ {[%clk 01:14:45]} {[%emt 00:00:09]} Kd4 {[%clk 01:13:23]}
{[%emt 00:00:04]} 51. Qd8+ {[%clk 01:15:05]} {[%emt 00:00:10]} Kc3 {[%clk
01:13:48]} {[%emt 00:00:05]} 52. Qd5 {[%clk 01:15:25]} {[%emt 00:00:09]} Kc2
{[%clk 01:14:11]} {[%emt 00:00:07]} 53. Kc4 {[%clk 01:15:48]} {[%emt 00:00:06]}
Kb2 {[%clk 01:14:36]} {[%emt 00:00:05]} 54. Qd3 {[%clk 01:16:11]} {[%emt
00:00:07]} Kc1 {[%clk 01:15:01]} {[%emt 00:00:06]} 55. Qe2 {[%clk 01:16:26]}
{[%emt 00:00:14]} Kb1 {[%clk 01:15:27]} {[%emt 00:00:06]} 56. Kc3 {[%clk
01:16:49]} {[%emt 00:00:06]} Ka1 {[%clk 01:15:52]} {[%emt 00:00:05]} 57. Qb2#
{[%clk 01:17:13]} {[%emt 00:00:06]} 1-0